[Event "Hilversum (m/2)"]
[Site "?"]
[Date "1991.??.??"]
[Round "?"]
[White "Ivanchuk, V."]
[Black "Timman, J."]
[Result "1-0"]
[WhiteElo "2735"]
[BlackElo "2630"]
[PlyCount "87"]
[EventDate "1991.??.??"]
[Source "ChessBase"]
[SourceDate "1991.10.01"]

1. d4 Nf6 2. c4 e6 3. Nc3 Bb4 4. e3 b6 5. Nge2 Ba6 6. Ng3 Bxc3+ 7. bxc3 d5 8. Ba3 Bxc4 9. Bxc4 dxc4 10. Qa4+ Qd7 11. Qxc4 Qc6 12. Qxc6+ Nxc6 13. c4 O-O-O 14. Rc1 Kb7 15. Ke2 h5 16. f3 h4 17. Nf1 Rh5 18. Bb2 Na5 19. e4 b5 20. Ne3 bxc4 21. d5 exd5 22. Bxf6 gxf6 23. Nxd5 c6 24. Nxf6 Rb5 25. Rc2 Rd6 26. Ng4 f5 27. Nf2 Rg6 28. Rg1 f4 29. Nh3 Rf6 30. Rd1 Kc7 31. Kd2 Rc5 32. Rdc1 Rf8 33. Ke1 Kb6 34. Nf2 Rg5 35. Kf1 Kb5 36. Nd1 Rfg8 37. h3 Kb4 38. Rb1+ Ka4 39. Nb2+ Ka3 40. Nxc4+ Nxc4 41. Rb3+ Ka4 42. Rxc4+ Ka5 43. Rc2 R8g6 44. Rb7 1-0

[Event "Madrid"]
[Site "?"]
[Date "1995.??.??"]
[Round "?"]
[White "Kortchnoi, V."]
[Black "Short, N."]
[Result "1-0"]
[WhiteElo "2635"]
[BlackElo "2655"]
[PlyCount "71"]
[EventDate "1995.??.??"]
[Source "ChessBase"]
[SourceDate "1995.02.01"]

1. d4 Nf6 2. c4 e6 3. Nc3 Bb4 4. e3 b6 5. Nge2 Ba6 6. Ng3 c5 7. d5 O-O 8. e4 Re8 9. f3 d6 10. Be2 exd5 11. cxd5 Bxe2 12. Ngxe2 b5 13. O-O a6 14. a4 Nbd7 15. axb5 Qb6 16. bxa6 Rxa6 17. Rxa6 Qxa6 18. Ng3 Ne5 19. Bg5 Nfd7 20. f4 Nc4 21. Qe2 f6 22. Bh4 Bxc3 23. bxc3 Qa4 24. Rb1 Ncb6 25. h3 g6 26. Qg4 Qc2 27. Rxb6 Nxb6 28. Bxf6 Kf7 29. Qh4 h6 30. f5 Rg8 31. Bd8 Qd1+ 32. Kh2 g5 33. Qxh6 Rxd8 34. f6 Rg8 35. Qh7+ Kxf6 36. Qxg8 1-0

[Event "Dortmund"]
[Site "?"]
[Date "1994.??.??"]
[Round "?"]
[White "Timman, J."]
[Black "Kortchnoi, V."]
[Result "0-1"]
[WhiteElo "2635"]
[BlackElo "2615"]
[PlyCount "92"]
[EventDate "1994.??.??"]
[Source "ChessBase"]
[SourceDate "1994.06.01"]

1. d4 Nf6 2. c4 e6 3. Nc3 Bb4 4. e3 b6 5. Nge2 Ba6 6. Ng3 Bxc3+ 7. bxc3 d5 8. Ba3 Bxc4 9. Bxc4 dxc4 10. Qa4+ Qd7 11. Qxc4 Qc6 12. Qxc6+ Nxc6 13. Rc1 O-O-O 14. c4 Kb7 15. Ke2 Rd7 16. f3 Rhd8 17. Bb2 Ne8 18. Ne4 h6 19. g4 Na5 20. c5 Nc6 21. Rhd1 Nf6 22. Nxf6 gxf6 23. d5 Rxd5 24. Bxf6 Rg8 25. e4 Rxd1 26. Rxd1 h5 27. h3 Rg6 28. g5 Kc8 29. cxb6 axb6 30. Kf2 Rg8 31. Kg3 Nb8 32. Kh4 Nd7 33. e5 c5 34. Kxh5 Kc7 35. h4 c4 36. Kh6 b5 37. Kh7 Ra8 38. Rd2 c3 39. Rc2 b4 40. Be7 Rxa2 41. Rxa2 b3 42. Rc2 bxc2 43. Ba3 Nxe5 44. h5 Nd3 45. g6 fxg6 46. hxg6 Nb2 0-1

[Event "1st League TCh-SCG"]
[Site "Budva"]
[Date "2003.08.31"]
[Round "3"]
[White "Aleksandrov, Aleksej"]
[Black "Istratescu, Andrei"]
[Result "1/2-1/2"]
[WhiteElo "2659"]
[BlackElo "2586"]
[PlyCount "86"]
[EventDate "2003.08.29"]
[Source "Roberto Alvarez"]
[SourceDate "2003.10.27"]

1. d4 e6 2. c4 Nf6 3. Nc3 Bb4 4. e3 b6 5. Nge2 Ba6 6. Qa4 c5 7. a3 Bxc3+ 8. Nxc3 O-O 9. dxc5 bxc5 10. Be2 d5 11. O-O Qb6 12. cxd5 Bxe2 13. Nxe2 exd5 14. b4 Nbd7 15. Bb2 Rab8 16. Rfc1 Rfc8 17. h3 h6 18. Rc2 a5 19. bxa5 Qa6 20. Bc3 c4 21. Rb2 Rxb2 22. Bxb2 Nc5 23. Qc2 Nd3 24. Bc3 Ne4 25. f3 Nxc3 26. Qxc3 Rb8 27. Qd4 Qxa5 28. Nc3 Rd8 29. Rb1 Qxa3 30. Nxd5 Qd6 31. e4 Nf4 32. Qxc4 Nxd5 33. Rd1 Qb6+ 34. Qd4 Qxd4+ 35. Rxd4 Kf8 36. exd5 Ke7 37. Kf2 Kd6 38. Ke3 Re8+ 39. Re4 Ra8 40. Kf4 Ra5 41. Re8 Rxd5 42. Rg8 g6 43. Rh8 Rf5+ 1/2-1/2

[Event "EUR-ASIA m 30'"]
[Site "Batumi"]
[Date "2001.09.19"]
[Round "10"]
[White "Gurevich, Mikhail"]
[Black "Vladimirov, Evgeny"]
[Result "1/2-1/2"]
[WhiteElo "2633"]
[BlackElo "2612"]
[PlyCount "83"]
[EventDate "2001.09.17"]
[Source "ChessBase"]
[SourceDate "2001.02.01"]

1. d4 Nf6 2. c4 e6 3. Nc3 Bb4 4. e3 b6 5. Nge2 Ba6 6. a3 Bxc3+ 7. Nxc3 d5 8. b3 O-O 9. Be2 dxc4 10. bxc4 Nc6 11. a4 Na5 12. Nb5 c6 13. Na3 c5 14. Nb5 Bb7 15. O-O a6 16. Na3 Bc6 17. Bb2 Qd7 18. dxc5 Qxd1 19. Bxd1 bxc5 20. Bc3 Nb7 21. f3 Nd7 22. a5 f6 23. Bc2 Nd8 24. Rfd1 Nf7 25. Nb1 Nde5 26. Nd2 Rab8 27. Rdb1 Nd7 28. Kf2 Rxb1 29. Rxb1 Rb8 30. Rxb8+ Nxb8 31. Bb2 Nd6 32. Ba3 Nd7 33. Bb2 h6 34. h4 Kf7 35. g4 g5 36. Kg3 Ne5 37. Bxe5 fxe5 38. h5 Nb7 39. Be4 Bxe4 40. Nxe4 Nxa5 41. Nxc5 Nxc4 42. Nxa6 1/2-1/2

[Event "Linares"]
[Site "Linares"]
[Date "1991.??.??"]
[Round "4"]
[White "Speelman, Jonathan S"]
[Black "Timman, Jan H"]
[Result "1/2-1/2"]
[WhiteElo "2610"]
[BlackElo "2630"]
[PlyCount "65"]
[EventDate "1991.02.??"]
[Source "ChessBase"]

1. d4 Nf6 2. c4 e6 3. Nc3 Bb4 4. e3 b6 5. Nge2 Ba6 6. Qa4 c5 7. a3 Bxc3+ 8. Nxc3 O-O 9. d5 Qe7 10. f3 exd5 11. cxd5 Bxf1 12. Kxf1 d6 13. Kf2 Nbd7 14. Rf1 a6 15. e4 b5 16. Qc2 Ne5 17. Kg1 c4 18. Be3 Nfd7 19. Bd4 Rac8 20. Nd1 Nc5 21. Ne3 Nb3 22. Nf5 Qc7 23. Qc3 g6 24. Nh6+ Kg7 25. Be3 Qa5 26. Qxa5 Nxa5 27. f4 Nd7 28. f5 Nb7 29. Rae1 f6 30. fxg6 hxg6 31. Ng4 Rh8 32. h3 Rcf8 33. Re2 1/2-1/2

[Event "5th IECC Playoff Bronze"]
[Site "Antalya"]
[Date "2004.05.30"]
[Round "2"]
[White "Aronian, Levon"]
[Black "Istratescu, Andrei"]
[Result "1/2-1/2"]
[WhiteElo "2645"]
[BlackElo "2587"]
[PlyCount "95"]
[EventDate "2004.05.30"]
[Source "Roberto Alvarez"]
[SourceDate "2004.05.31"]

1. d4 Nf6 2. c4 e6 3. Nc3 Bb4 4. e3 b6 5. Nge2 Ba6 6. a3 Bxc3+ 7. Nxc3 d5 8. Qf3 Bb7 9. g4 c5 10. dxc5 Nbd7 11. cxd5 exd5 12. Bb5 O-O 13. c6 Ne5 14. Qf4 Nxc6 15. O-O d4 16. Bxc6 Bxc6 17. exd4 h5 18. gxh5 Nxh5 19. Qg5 Nf6 20. Bf4 Qxd4 21. Rad1 Qc4 22. Be5 Qg4+ 23. Qxg4 Nxg4 24. Bf4 Rfe8 25. h3 Ne5 26. Bxe5 Rxe5 27. Kh2 Rae8 28. Rd6 Ba8 29. Rfd1 Rg5 30. Rd8 Kf8 31. Rxe8+ Kxe8 32. Rg1 Rxg1 33. Kxg1 Kd7 34. f4 Kd6 35. Nb5+ Kc5 36. Nxa7 Bb7 37. b4+ Kc4 38. Kf2 Kb3 39. Nb5 Ka4 40. Nd6 Bd5 41. Nc8 Kxa3 42. Nxb6 Be6 43. Ke3 Kxb4 44. Kd4 Kb5 45. Nd5 Bxh3 46. Nc7+ Kc6 47. Ne8 g6 48. Ke4 1/2-1/2

[Event "Camp. svizzero a sq. - Winterthur-Mendr"]
[Site "Svizzera"]
[Date "2008.05.25"]
[Round "4.1"]
[White "Jussupow, Artur"]
[Black "Istratescu, Andrej"]
[Result "1/2-1/2"]
[WhiteElo "2598"]
[BlackElo "2625"]
[PlyCount "44"]
[EventDate "2008.03.02"]
[Source "www.chesslib.no"]
[SourceDate "2004.05.04"]

1. d4 Nf6 2. c4 e6 3. Nc3 Bb4 4. e3 b6 5. Nge2 Ba6 6. a3 Bxc3+ 7. Nxc3 d5 8. b3 O-O 9. Be2 Nc6 10. O-O dxc4 11. bxc4 Na5 12. Qa4 Qe8 13. Nb5 Qd7 14. Rb1 Rac8 15. Bd2 c6 16. Nc3 c5 17. Qxd7 Nxd7 18. Nb5 Bxb5 19. Rxb5 a6 20. Rbb1 cxd4 21. Bxa5 d3 22. Bxd3 bxa5 1/2-1/2

[Event "IBM"]
[Site "Amsterdam"]
[Date "1973.??.??"]
[Round "4"]
[White "Spassky, Boris V"]
[Black "Szabo, Laszlo"]
[Result "1/2-1/2"]
[WhiteElo "2655"]
[BlackElo "2565"]
[PlyCount "56"]
[EventDate "1973.??.??"]
[Source "ChessBase"]

1. d4 Nf6 2. c4 e6 3. Nc3 Bb4 4. e3 b6 5. Nge2 Ba6 6. Ng3 Bxc3+ 7. bxc3 d5 8. Ba3 Bxc4 9. Bxc4 dxc4 10. Qa4+ Qd7 11. Qxc4 Qc6 12. Qxc6+ Nxc6 13. c4 Na5 14. Rc1 Rc8 15. e4 c5 16. d5 O-O 17. O-O exd5 18. cxd5 Rfe8 19. Rfe1 Nd7 20. f4 b5 21. Nf5 Nb7 22. e5 g6 23. Ne3 c4 24. Ng4 Kg7 25. Bb2 Kf8 26. Ba3+ Kg7 27. Bb2 Kf8 28. Ba3+ Kg7 1/2-1/2

[Event "Hoogovens"]
[Site "Wijk aan Zee"]
[Date "1975.??.??"]
[Round "2"]
[White "Gligoric, Svetozar"]
[Black "Portisch, Lajos"]
[Result "0-1"]
[WhiteElo "2575"]
[BlackElo "2635"]
[PlyCount "114"]
[EventDate "1975.??.??"]
[Source "ChessBase"]

1. d4 Nf6 2. c4 e6 3. Nc3 Bb4 4. e3 b6 5. Nge2 Ba6 6. Ng3 Bxc3+ 7. bxc3 d5 8. cxd5 Bxf1 9. Kxf1 Qxd5 10. Qd3 Nbd7 11. e4 Qa5 12. e5 Nd5 13. c4 Nb4 14. Qb3 Nc6 15. Bb2 O-O 16. Bc3 Qa6 17. Qb5 Qb7 18. Re1 Rfd8 19. h4 Nf8 20. Re4 Ne7 21. h5 Nf5 22. Rf4 Nxg3+ 23. fxg3 c5 24. Rhh4 cxd4 25. Rxd4 h6 26. Qb1 Rxd4 27. Rxd4 Qc7 28. Qe4 Rc8 29. Bb4 Nd7 30. Bd6 Qc6 31. Qe2 b5 32. cxb5 Qc1+ 33. Rd1 Qg5 34. g4 Nb6 35. Kg1 Rc4 36. Bb8 Rxg4 37. Bxa7 Nd5 38. Rxd5 exd5 39. e6 Re4 40. exf7+ Kxf7 41. Qf3+ Kg8 42. Bf2 Qc1+ 43. Kh2 Qf4+ 44. Qxf4 Rxf4 45. Bc5 Ra4 46. b6 Rxa2 47. Kg3 Rc2 48. Bd6 Rb2 49. Bc5 Kf7 50. Kf4 Ke6 51. g4 Rb1 52. Ke3 Rf1 53. Kd4 Rf4+ 54. Kd3 Rf7 55. Kd4 Rb7 56. Ke3 Ke5 57. Kd3 Kf4 0-1

[Event "Solingen m1"]
[Site "Solingen GER"]
[Date "1977.??.??"]
[Round "4"]
[White "Spassky, Boris Vasily"]
[Black "Huebner, Robert"]
[Result "1-0"]
[WhiteElo "2610"]
[BlackElo "2600"]
[PlyCount "99"]
[EventDate "1977.02.??"]
[Source "www.chesslib.no"]
[SourceDate "2004.05.04"]

1. d4 Nf6 2. c4 e6 3. Nc3 Bb4 4. e3 b6 5. Nge2 Ba6 6. Ng3 Bxc3+ 7. bxc3 d5 8. Ba3 Bxc4 9. Bxc4 dxc4 10. Qa4+ Qd7 11. Qxc4 Qc6 12. Qxc6+ Nxc6 13. c4 e5 14. d5 Na5 15. Rc1 h5 16. Bb2 Nd7 17. O-O f6 18. Ba3 g6 19. Ne4 Rc8 20. c5 f5 21. Ng5 b5 22. Bb4 Nc4 23. c6 Nf6 24. Rfd1 Ne4 25. Nxe4 fxe4 26. a4 a6 27. axb5 axb5 28. Ra1 Kf7 29. Ra7 Kf6 30. Rb7 Rhd8 31. Kf1 Nd6 32. Rc1 Nf5 33. Rxb5 Ne7 34. Rcc5 Rb8 35. d6 Ra8 36. dxe7 Ra1+ 37. Be1 Rdd1 38. e8=N+ Kf7 39. g4 hxg4 40. Kg2 Rxe1 41. Kg3 Kxe8 42. Rxe5+ Kf7 43. Rxe4 Rg1+ 44. Kh4 Rg2 45. Rf4+ Ke7 46. Kg5 Ra2 47. Rd5 Raxf2 48. Rd7+ Ke8 49. Re4+ Kf8 50. Kxg6 1-0

[Event "Solingen m1"]
[Site "Solingen GER"]
[Date "1977.??.??"]
[Round "6"]
[White "Spassky, Boris Vasily"]
[Black "Huebner, Robert"]
[Result "1/2-1/2"]
[WhiteElo "2610"]
[BlackElo "2600"]
[PlyCount "61"]
[EventDate "1977.02.??"]
[Source "www.chesslib.no"]
[SourceDate "2004.05.04"]

1. d4 Nf6 2. c4 e6 3. Nc3 Bb4 4. e3 b6 5. Nge2 Ba6 6. Ng3 Bxc3+ 7. bxc3 d5 8. Ba3 Bxc4 9. Bxc4 dxc4 10. Qa4+ Qd7 11. Qxc4 Qc6 12. Qxc6+ Nxc6 13. c4 O-O-O 14. O-O Kb7 15. Rfc1 Rd7 16. f3 Ne8 17. Rc2 f5 18. Ne2 Nf6 19. Bb2 Re8 20. Bc3 Ree7 21. a4 Ne8 22. a5 Nd6 23. Be1 a6 24. Nf4 b5 25. Rb1 e5 26. d5 Nb8 27. Nd3 Kc8 28. cxb5 Nxb5 29. e4 fxe4 30. fxe4 Na3 31. Rxb8+ 1/2-1/2

[Event "Moscow Aeroflot op"]
[Site "Moscow"]
[Date "2002.02.05"]
[Round "1"]
[White "Mamedyarov, Shakhriyar"]
[Black "Akopian, Vladimir"]
[Result "0-1"]
[WhiteElo "2522"]
[BlackElo "2680"]
[PlyCount "69"]
[EventDate "2002.02.04"]
[Source "ChessBase"]
[SourceDate "2002.03.21"]

1. d4 Nf6 2. c4 e6 3. Nc3 Bb4 4. e3 b6 5. Nge2 Ba6 6. a3 Bxc3+ 7. Nxc3 d5 8. b3 O-O 9. Be2 Nc6 10. O-O dxc4 11. Rb1 Qd7 12. a4 Rfd8 13. b4 Bb7 14. Ba3 a6 15. Qc1 e5 16. d5 Ne7 17. e4 c6 18. b5 axb5 19. Rd1 cxd5 20. Rxb5 d4 21. Rxb6 Ng6 22. Qb1 Ba6 23. g3 Qe8 24. Rxa6 Rxa6 25. Bxc4 Raa8 26. Nb5 Rxa4 27. Nc7 Qd7 28. Bb5 Qxc7 29. Bxa4 Qa7 30. Qc2 Nxe4 31. Bc1 d3 32. Be3 dxc2 33. Rxd8+ Nf8 34. Bxc2 Qc7 35. Bc1 0-1

[Event "Istanbul ol (Men)"]
[Site "Istanbul"]
[Date "2000.11.10"]
[Round "13"]
[White "Aleksandrov, Aleksej"]
[Black "Vladimirov, Evgeny"]
[Result "1-0"]
[WhiteElo "2591"]
[BlackElo "2598"]
[PlyCount "105"]
[EventDate "2000.10.??"]
[Source "www.chesslib.no"]
[SourceDate "2004.05.04"]

1. d4 Nf6 2. c4 e6 3. Nc3 Bb4 4. e3 b6 5. Nge2 Ba6 6. a3 Bxc3+ 7. Nxc3 d5 8. b3 O-O 9. a4 c5 10. Ba3 dxc4 11. bxc4 Nc6 12. Nb5 Qb8 13. dxc5 Rd8 14. Qb1 bxc5 15. Be2 Qb6 16. O-O Bb7 17. Ra2 Rab8 18. Rb2 a5 19. e4 Nb4 20. e5 Nd7 21. f4 Qc6 22. Bf3 Qa6 23. Bd1 Nf8 24. Rbf2 Ng6 25. Nd6 Rxd6 26. exd6 Qxd6 27. Bf3 Bxf3 28. Rxf3 Nh4 29. Rh3 Qd4+ 30. Kh1 Nf5 31. Bb2 Qxc4 32. Be5 Rd8 33. Rc3 Qe2 34. Re1 Qd2 35. Bc7 Rd5 36. Qc1 Qxc1 37. Rexc1 Nd3 38. Rb1 h5 39. Rb8+ Kh7 40. Rd8 Nf2+ 41. Kg1 Ne4 42. Rh3 c4 43. Rxd5 exd5 44. Bxa5 d4 45. Bb4 c3 46. a5 c2 47. Ba3 Nc5 48. Rxh5+ Kg6 49. Rg5+ Kf6 50. g4 g6 51. gxf5 d3 52. Bb2+ Ke7 53. Rg2 1-0

[Event "1st League TCh-SCG"]
[Site "Budva"]
[Date "2003.09.06"]
[Round "8"]
[White "Aleksandrov, Aleksej"]
[Black "Perunovic, Milos"]
[Result "1-0"]
[WhiteElo "2659"]
[BlackElo "2527"]
[PlyCount "91"]
[EventDate "2003.08.29"]
[Source "Roberto Alvarez"]
[SourceDate "2003.10.27"]

1. d4 Nf6 2. c4 e6 3. Nc3 Bb4 4. e3 b6 5. Nge2 Ba6 6. Qa4 c5 7. a3 Bxc3+ 8. Nxc3 O-O 9. dxc5 bxc5 10. Be2 Qb6 11. O-O Nc6 12. b4 Bb7 13. Rb1 Rab8 14. b5 Ne7 15. Qc2 Nf5 16. Bd3 Rbc8 17. Bxf5 exf5 18. Qxf5 Qe6 19. Qxe6 fxe6 20. Rd1 Rf7 21. a4 d5 22. cxd5 Nxd5 23. Bb2 Rcf8 24. Rd2 c4 25. Rc1 Rc8 26. Ne4 c3 27. Nxc3 Rfc7 28. Ne2 Rxc1+ 29. Bxc1 a6 30. f3 axb5 31. axb5 Rc5 32. e4 Nb6 33. Rd8+ Kf7 34. Rb8 Rc7 35. Bf4 Rd7 36. Be3 Nc4 37. Bc5 e5 38. Nc3 Nb2 39. h4 h5 40. Kh2 g6 41. Ba3 Nc4 42. Bb4 Nb2 43. b6 Nc4 44. Na4 Bc6 45. Nc5 Re7 46. b7 1-0

[Event "It Open"]
[Site "?"]
[Date "2002.??.??"]
[Round "7"]
[White "Neverov Valeriy"]
[Black "Istratescu Andrei"]
[Result "0-1"]
[WhiteElo "2578"]
[BlackElo "2605"]
[PlyCount "58"]
[EventDate "2002.??.??"]
[Source "www.chesslib.no"]
[SourceDate "2004.05.04"]

1. d4 Nf6 2. c4 e6 3. Nc3 Bb4 4. e3 b6 5. Nge2 Ba6 6. a3 Be7 7. Nf4 d5 8. cxd5 Bxf1 9. Kxf1 Nxd5 10. Ncxd5 exd5 11. Qh5 Bg5 12. Ne6 g6 13. Qxg5 fxe6 14. Qe5 Kd7 15. Qg7+ Kc8 16. e4 Nc6 17. exd5 exd5 18. Bf4 Kb7 19. Rd1 Rf8 20. g3 Qc8 21. h3 Rxf4 22. gxf4 Qf5 23. Qxh7 Qxf4 24. Rg1 Rf8 25. Rg2 Nxd4 26. Qd7 Qe4 27. Kg1 Rf5 28. Rg4 Ne2+ 29. Kf1 Qc2 0-1

[Event "Biel"]
[Site "?"]
[Date "1999.??.??"]
[Round "?"]
[White "Avrukh, B."]
[Black "Bunzmann, D."]
[Result "1-0"]
[WhiteElo "2585"]
[BlackElo "2595"]
[PlyCount "95"]
[EventDate "1999.??.??"]
[Source "Chess Informant"]
[SourceDate "1999.06.01"]

1. d4 Nf6 2. c4 e6 3. Nc3 Bb4 4. e3 b6 5. Nge2 Ba6 6. a3 Bxc3+ 7. Nxc3 d5 8. b3 O-O 9. Be2 Nbd7 10. O-O c5 11. a4 Re8 12. Nb5 cxd4 13. exd4 e5 14. Nd6 Rf8 15. Ba3 exd4 16. Qxd4 Nc5 17. Bxc5 bxc5 18. Qxc5 Qe7 19. Bf3 Rac8 20. Qa3 Rcd8 21. Nb5 Qxa3 22. Rxa3 dxc4 23. bxc4 Rc8 24. Rc1 Nd7 25. Nxa7 Rxc4 26. Rxc4 Bxc4 27. Nc6 Re8 28. h3 Ne5 29. Nxe5 Rxe5 30. a5 Ba6 31. Re3 Rxe3 32. fxe3 Kf8 33. Kf2 Ke7 34. Be2 Bxe2 35. Kxe2 Kd6 36. Kf3 Kc5 37. Ke4 Kb5 38. Kd5 Kxa5 39. Kd6 Kb5 40. Ke7 f5 41. Kf7 Kc4 42. Kxg7 Kd3 43. Kxh7 Kxe3 44. Kg6 Kf4 45. h4 Kg4 46. h5 f4 47. h6 Kg3 48. Kg5 1-0

[Event "Moscow 84/447"]
[Site "?"]
[Date "2002.??.??"]
[Round "?"]
[White "Aleksandrov, A."]
[Black "Yemelin, V."]
[Result "0-1"]
[WhiteElo "2645"]
[BlackElo "2522"]
[PlyCount "90"]
[EventDate "2002.??.??"]
[Source "Chess Informant"]
[SourceDate "2002.02.01"]

1. d4 Nf6 2. c4 e6 3. Nc3 Bb4 4. e3 b6 5. Nge2 Ba6 6. a3 Be7 7. Nf4 d5 8. Qb3 c6 9. cxd5 exd5 10. Bxa6 Nxa6 11. Qa4 Nb8 12. O-O O-O 13. Bd2 Bd6 14. Nce2 Qc7 15. Rac1 Rc8 16. Bb4 Bxf4 17. Nxf4 a5 18. Be1 Nbd7 19. Qc2 Qd6 20. f3 Qe7 21. Bf2 h6 22. Rfe1 c5 23. Red1 g5 24. Ne2 Qe6 25. dxc5 bxc5 26. b4 axb4 27. axb4 d4 28. bxc5 dxe3 29. Bg3 Rxc5 30. Qd3 Rxc1 31. Rxc1 Qa6 32. Qc2 Qa2 33. Qc6 Qd5 34. Qc3 Qd2 35. Qc4 Qd5 36. Qc3 Qd2 37. Qc4 Ra2 38. Kf1 Qd5 39. Qc3 Qd2 40. Qc4 Qd5 41. Qc3 Qe6 42. Nd4 Qa6+ 43. Kg1 Nd5 44. Qe1 Qd3 45. Rd1 Rd2 0-1

[Event "Hofmann Cup"]
[Site "Baden-Baden GER"]
[Date "1995.??.??"]
[Round "4"]
[White "Vaisser, Anatoli V"]
[Black "Dautov, Rustem"]
[Result "1-0"]
[WhiteElo "2540"]
[BlackElo "2625"]
[PlyCount "39"]
[EventDate "1995.??.??"]
[Source "www.chesslib.no"]
[SourceDate "2004.05.04"]

1. d4 Nf6 2. c4 e6 3. Nc3 Bb4 4. e3 b6 5. Nge2 Ba6 6. Ng3 O-O 7. e4 Nc6 8. Bg5 h6 9. h4 hxg5 10. hxg5 g6 11. e5 Nh7 12. Qg4 Kg7 13. Nh5+ gxh5 14. Qxh5 Rh8 15. Qh6+ Kg8 16. Bd3 d6 17. Bxh7+ Rxh7 18. Qxh7+ Kf8 19. g6 Qe8 20. Qh4 1-0

[Event "RUS-ch51"]
[Site "St Petersburg"]
[Date "1998.08.01"]
[Round "5"]
[White "Khalifman, Alexander"]
[Black "Yemelin, Vasily"]
[Result "1/2-1/2"]
[WhiteElo "2645"]
[BlackElo "2510"]
[PlyCount "41"]
[EventDate "1998.07.28"]
[Source "ChessBase"]
[SourceDate "1998.11.30"]

1. d4 Nf6 2. c4 e6 3. Nc3 Bb4 4. e3 b6 5. Nge2 Ba6 6. Ng3 O-O 7. e4 Nc6 8. Bd3 e5 9. d5 Bxc3+ 10. bxc3 Ne7 11. h4 d6 12. h5 h6 13. Be3 Nd7 14. Qd2 Qc8 15. Bxh6 gxh6 16. Qxh6 Nc5 17. Be2 Qd8 18. Nf5 Nxf5 19. exf5 Ne4 20. Rh3 f6 21. Qg6+ 1/2-1/2

[Event "3rd Rohde Open"]
[Site "Sautron"]
[Date "2003.11.01"]
[Round "8"]
[White "Korobov, Anton"]
[Black "Istratescu, Andrei"]
[Result "1/2-1/2"]
[WhiteElo "2558"]
[BlackElo "2595"]
[PlyCount "73"]
[EventDate "2003.10.25"]
[Source "Roberto Alvarez"]
[SourceDate "2003.11.10"]

1. d4 Nf6 2. c4 e6 3. Nc3 Bb4 4. e3 b6 5. Nge2 Ba6 6. a3 Be7 7. Nf4 O-O 8. e4 d6 9. Bd3 Nbd7 10. O-O e5 11. Nfe2 c6 12. d5 cxd5 13. cxd5 Bxd3 14. Qxd3 Nc5 15. Qc2 Rc8 16. f3 b5 17. Be3 a6 18. Qd1 Ncd7 19. Na2 Nb6 20. b3 Nfd7 21. Nb4 Bg5 22. Bxg5 Qxg5 23. Nxa6 Qe3+ 24. Kh1 Nc5 25. Nxc5 Rxc5 26. Ng3 g6 27. f4 Rfc8 28. fxe5 dxe5 29. a4 bxa4 30. bxa4 Nc4 31. a5 Rxa5 32. Rxa5 Nxa5 33. d6 Nb7 34. Qd2 Qb3 35. Nf5 gxf5 36. Qg5+ Kf8 37. Qe7+ 1/2-1/2

[Event "3rd Rohde Open"]
[Site "Sautron"]
[Date "2003.10.28"]
[Round "4"]
[White "Stocek, Jiri"]
[Black "Istratescu, Andrei"]
[Result "0-1"]
[WhiteElo "2545"]
[BlackElo "2595"]
[PlyCount "100"]
[EventDate "2003.10.25"]
[Source "Roberto Alvarez"]
[SourceDate "2003.11.10"]

1. d4 Nf6 2. c4 e6 3. Nc3 Bb4 4. e3 b6 5. Nge2 Ba6 6. Ng3 Bxc3+ 7. bxc3 d5 8. Ba3 Bxc4 9. Bxc4 dxc4 10. O-O h5 11. Qf3 Qd5 12. e4 Qg5 13. h3 Nc6 14. Qe2 Qb5 15. Rfb1 Qa4 16. d5 Ne5 17. dxe6 fxe6 18. Bb4 h4 19. Qd2 Nd3 20. Ne2 Qd7 21. Qg5 Nd5 22. e5 c6 23. Ba3 c5 24. Rf1 O-O 25. Qxh4 N5f4 26. Nxf4 Rxf4 27. Qg3 Raf8 28. f3 Qd5 29. Bc1 R4f5 30. f4 Nxe5 31. Be3 Nd3 32. Rad1 b5 33. a3 a5 34. Bd2 Qe4 35. Rb1 Qc6 36. Kh2 e5 37. Qf3 e4 38. Qg4 R5f6 39. f5 b4 40. axb4 cxb4 41. cxb4 axb4 42. Bg5 c3 43. Bxf6 Rxf6 44. Ra1 c2 45. Ra7 Rf7 46. Rxf7 Kxf7 47. Qh5+ Ke7 48. Qg5+ Qf6 49. Qe3 Qe5+ 50. g3 c1=Q 0-1

[Event "Antwerp Lost Boys op"]
[Site "Antwerpen"]
[Date "1999.06.08"]
[Round "7"]
[White "Avrukh, B."]
[Black "Barsov, A."]
[Result "1-0"]
[WhiteElo "2588"]
[BlackElo "2539"]
[PlyCount "77"]
[EventDate "1999.07.30"]
[Source "www.chesslib.no"]
[SourceDate "2004.05.04"]

1. d4 Nf6 2. c4 e6 3. Nc3 Bb4 4. e3 b6 5. Nge2 Ba6 6. a3 Bxc3+ 7. Nxc3 d5 8. b3 Nc6 9. a4 O-O 10. Be2 dxc4 11. Ba3 Re8 12. bxc4 e5 13. d5 Na5 14. Nb5 Bxb5 15. axb5 Nb7 16. Bb4 Nd7 17. Ra3 Nbc5 18. Qa1 a5 19. bxa6 Ra7 20. O-O Qg5 21. f4 Qg6 22. fxe5 Rxe5 23. Bxc5 Rg5 24. Bf3 Nxc5 25. h4 Rf5 26. e4 Nxe4 27. Re1 Nf6 28. c5 h5 29. cxb6 cxb6 30. Qc1 Kh7 31. Qc8 Rf4 32. d6 Nd7 33. Qc6 Rd4 34. Be4 f5 35. Bd5 Qf6 36. Be6 Ne5 37. Qe8 Rxd6 38. Qxh5+ Qh6 39. Qxh6+ 1-0

[Event "Sarajevo"]
[Site "Sarajevo"]
[Date "1984.??.??"]
[Round "?"]
[White "Van der Wiel, John TH"]
[Black "Timman, Jan H"]
[Result "1/2-1/2"]
[WhiteElo "2515"]
[BlackElo "2610"]
[PlyCount "48"]
[EventDate "1984.03.??"]
[Source "ChessBase"]

1. d4 Nf6 2. c4 e6 3. Nc3 Bb4 4. e3 b6 5. Nge2 Ba6 6. a3 Be7 7. Nf4 d5 8. Qf3 c6 9. b3 Bd6 10. Bb2 O-O 11. Bd3 Qe7 12. O-O Re8 13. Rfd1 Bb7 14. cxd5 exd5 15. b4 b5 16. Re1 Ne4 17. Qd1 a5 18. bxa5 Rxa5 19. Bxe4 dxe4 20. d5 c5 21. Qd2 Qc7 22. Qc2 Qe7 23. Qd2 Qc7 24. Qc2 Qe7 1/2-1/2

[Event "Nice ol (Men)"]
[Site "Nice FRA"]
[Date "1974.??.??"]
[Round "13"]
[White "Gligoric, Svetozar"]
[Black "Gheorghiu, Florin"]
[Result "1/2-1/2"]
[WhiteElo "2585"]
[BlackElo "2540"]
[PlyCount "58"]
[EventDate "1974.06.06"]
[Source "www.chesslib.no"]
[SourceDate "2004.05.04"]

1. d4 Nf6 2. c4 e6 3. Nc3 Bb4 4. e3 b6 5. Nge2 Ba6 6. Ng3 Bxc3+ 7. bxc3 d5 8. Ba3 Bxc4 9. Bxc4 dxc4 10. Qa4+ Qd7 11. Qxc4 Qc6 12. Qxc6+ Nxc6 13. c4 O-O-O 14. Ke2 Rd7 15. Rac1 Kb7 16. Rhd1 Rhd8 17. Bb2 Ne8 18. Ne4 Nd6 19. Nd2 f5 20. Nb3 Ne4 21. f3 Nf6 22. Bc3 Rf7 23. Rc2 g5 24. Rb1 Kb8 25. Rbc1 Kb7 26. a4 g4 27. a5 Rdd7 28. Be1 gxf3+ 29. gxf3 Rg7 1/2-1/2

[Event "ISR-chT"]
[Site "Ramat Aviv"]
[Date "2000.03.03"]
[Round "4"]
[White "Avrukh, Boris"]
[Black "Manor, Ilan"]
[Result "1/2-1/2"]
[WhiteElo "2620"]
[BlackElo "2504"]
[PlyCount "39"]
[EventDate "2000.01.14"]
[Source "ChessBase"]
[SourceDate "2000.07.27"]

1. d4 Nf6 2. c4 e6 3. Nc3 Bb4 4. e3 b6 5. Nge2 Ba6 6. a3 Bxc3+ 7. Nxc3 d5 8. b3 c5 9. a4 Nc6 10. Ba3 cxd4 11. Nb5 Ne4 12. cxd5 dxe3 13. f3 Ne5 14. fxe4 Qh4+ 15. g3 Qf6 16. Nd6+ Kd8 17. Nxf7+ Ke8 18. Nd6+ Kd8 19. Nb7+ Ke8 20. Nd6+ 1/2-1/2

[Event "Sigeman & Co"]
[Site "Malmo"]
[Date "2002.06.08"]
[Round "3"]
[White "Epishin, Vladimir"]
[Black "Berg, Emanuel"]
[Result "1/2-1/2"]
[WhiteElo "2606"]
[BlackElo "2514"]
[PlyCount "89"]
[EventDate "2002.06.06"]
[Source "ChessBase"]
[SourceDate "2002.09.20"]

1. d4 e6 2. c4 Nf6 3. Nc3 Bb4 4. e3 b6 5. Nge2 Ba6 6. Ng3 Bxc3+ 7. bxc3 d5 8. Ba3 Bxc4 9. Bxc4 dxc4 10. e4 Qd7 11. O-O Qb5 12. Rb1 Qa6 13. Qc1 Nbd7 14. Rd1 O-O-O 15. f3 Rhe8 16. Nf1 Nb8 17. Ne3 Nc6 18. Rd2 Qa4 19. Bb4 a5 20. Ba3 Rd7 21. Bb2 Red8 22. Ba1 b5 23. Qc2 Qxc2 24. Rxc2 Na7 25. a4 c6 26. Ra2 Rb7 27. axb5 cxb5 28. Rxa5 Kc7 29. Nc2 Rdb8 30. Na3 Ne8 31. Ra6 Nc6 32. Nc2 Rb6 33. Rxb6 Kxb6 34. Bb2 Na5 35. Bc1 Nb3 36. Be3 Ra8 37. d5+ Kc7 38. Nd4 Nxd4 39. Bxd4 exd5 40. Rxb5 dxe4 41. fxe4 Nd6 42. Re5 Kd7 43. Rd5 Kc6 44. Re5 Kd7 45. Rd5 1/2-1/2